Statistics for All Nas Songs

Click here to take the quiz!

General Stats

  • This quiz has been taken 100 times
    (41 since last reset)
  • The average score is 62 of 354

Answer Stats

AlbumSong% Correct
UntitledN.*.*.*.*.R. (The Slave and the Master)
97%
IllmaticN.Y. State of Mind
97%
Hip Hop Is DeadThe N (Don't Hate Me Now)
97%
IllmaticLife's a B***h
83%
IllmaticRepresent
83%
IllmaticThe Genesis
83%
IllmaticIt Ain't Hard to Tell
80%
IllmaticThe World Is Yours
80%
It Was WrittenIf I Ruled the World (Imagine That)
77%
I Am...Nas Is Like
77%
StillmaticEther
73%
IllmaticHalftime
73%
IllmaticOne Love
73%
IllmaticOne Time 4 Your Mind
73%
It Was WrittenThe Message
73%
IllmaticMemory Lane (Sittin' in da Park)
67%
Magic 2 | Street's Disciple | The N****r Tape | The Prophecy, Vol 2: The Beginning of the NIntro
63%
I Am...N.Y. State of Mind Pt. II
63%
StillmaticOne Mic
63%
I Am...Hate Me Now
57%
It Was WrittenStreet Dreams
57%
The Lost TapesPurple
53%
It Was WrittenI Gave You Power
50%
God's SonMade You Look
50%
StillmaticStillmatic (The Intro)
50%
StillmaticGot Ur Self a Gun
47%
It Was WrittenNas Is Coming
47%
StillmaticRewind
47%
It Was WrittenAffirmative Action
43%
Judas and the Black Messiah: The Inspired AlbumEPMD
43%
God's SonGet Down
43%
God's SonI Can
43%
Life Is GoodCherry Wine
40%
God's SonDance
40%
NASIRAdam and Eve
37%
King's Disease IIDeath Row East
37%
The N****r TapeGhetto (Remix)
37%
Hip Hop Is DeadHip Hop Is Dead
37%
It Was WrittenShootouts
37%
The Lost TapesBlaze a 50
33%
Life Is GoodDaughters
33%
The Lost TapesDoo Rags
33%
King's Disease IIEPMD 2
33%
King's DiseaseKing's Disease
33%
NastradamusNastradamus
33%
NASIRCops Shot the Kid
30%
King's Disease IIIMichael & Quincy
30%
King's Disease IINas Is Good
30%
King's Disease IINobody
30%
Magic 2One Mic, One Gun
30%
King's Disease IIRare
30%
Street's DiscipleStreet's Disciple
30%
It Was WrittenTake It in Blood
30%
God's SonThugz Mansion (N.Y.)
30%
King's Disease III30
27%
I Am... | It Was WrittenAlbum Intro
27%
It Was WrittenBlack Girl Lost
27%
God's SonBook of Rhymes
27%
King's Disease IIIGhetto Reporter
27%
God's SonRevolutionary Warfare
27%
StillmaticRule
27%
StillmaticSmokin'
27%
King's DiseaseSpicy
27%
King's Disease IIStore Run
27%
It Was WrittenSuspect
27%
God's SonThe Cross
27%
I Am...Undying Love
27%
MagicWave Gods
27%
King's Disease IIIBeef
23%
Hip Hop Is DeadBlack Republican
23%
The Lost TapesBlack Zombie
23%
The Lost TapesDrunk by Myself
23%
NASIREverything
23%
King's Disease IIIGet Light
23%
King's Disease IIIHood2Hood
23%
I Am...K-I-SS-I-N-G
23%
MagicMeet Joe Black
23%
Hip Hop Is DeadMoney Over Bullsh*t
23%
MagicSpeechless
23%
Magic 3Speechless, Pt. 2
23%
StillmaticThe Flyest
23%
King's Disease IIThe Pressure
23%
Street's DiscipleWar
23%
It Was WrittenWatch Dem N***as
23%
MagicWu for the Children
23%
King's Disease II40 Side
20%
Life Is GoodBye Baby
20%
I Am...Favor for a Favor
20%
Magic 3Fever
20%
I Am...Ghetto Prisoners
20%
King's Disease IIILegit
20%
I Am...Life Is What You Make It
20%
It Was WrittenLive N***a Rap
20%
Life Is GoodLoco-Motive
20%
God's SonMastermind
20%
StillmaticMy Country
20%
The Lost TapesMy Way
20%
King's Disease IIIOnce a Man, Twice a Child
20%
The N****r TapeOutro
20%
King's Disease IIIReminisce
20%
I Am...Small World
20%
Life Is GoodThe Don
20%
God's SonThe G.O.D.
20%
It Was WrittenThe Set Up
20%
Street's DiscipleThief's Theme
20%
King's Disease IIITil My Last Breath
20%
Street's DiscipleU.B.R.
20%
King's DiseaseUltra Black
20%
God's SonWarrior Song
20%
StillmaticWhat Goes Around
20%
NastradamusYou Owe Me
20%
God's SonZone Out
20%
Stillmatic2nd Childhood
17%
Magic 2Abracadabra
17%
Life Is GoodAccident Murderers
17%
I Am...Big Things
17%
Magic 2Black Magic
17%
Street's DiscipleBridging the Gap
17%
King's Disease IIBrunch on Sundays
17%
King's Disease IIComposure
17%
King's Disease IICount Me In
17%
StillmaticDestroy & Rebuild
17%
Street's DiscipleDisciple
17%
I Am...Dr. Knockboot
17%
The Lost TapesEverybody's Crazy
17%
God's SonHeaven
17%
Hip Hop Is DeadHustlers
17%
Magic 3I Love This Feeling
17%
I Am...I Want to Talk to You
17%
Street's DiscipleJust a Moment
17%
King's Disease IIMoments
17%
I Am...Money Is My B***h
17%
King's Disease IIMy Bible
17%
Life Is GoodNasty
17%
Magic 3Never Die
17%
The Lost Tapes 2No Bad Energy
17%
Life Is GoodNo Introduction
17%
Hip Hop Is DeadPlay on Playa
17%
The Lost TapesPoppa Was a Playa
17%
NastradamusProject Windows
17%
King's Disease IIIRecession Proof
17%
NastradamusShoot 'Em Up
17%
Hip Hop Is DeadStill Dreaming
17%
King's DiseaseThe Cure
17%
The Lost TapesU Gotta Love It
17%
Hip Hop Is DeadWho Killed It?
17%
King's Disease IIIWTF SMH
17%
StillmaticYou're da Man
17%
I Am...You Won't See Me Tonight
17%
King's Disease27 Summers
13%
King's DiseaseAll Bad
13%
UntitledAmerica
13%
Street's DiscipleAmerican Way
13%
Life Is GoodA Queens Story
13%
Distant RelativesAs We Enter
13%
King's DiseaseBlue Benz
13%
NASIRBonjour
13%
StillmaticBraveheart Party
13%
King's DiseaseCar #85
13%
MagicDedicated
13%
King's Disease IIIDon't Shoot
13%
StillmaticEvery Ghetto
13%
NastradamusFamily
13%
King's Disease IIIFirst Time
13%
King's DiseaseFull Circle
13%
God's SonHey Nas
13%
MagicHollywood Gangsta
13%
King's Disease IIII'm on Fire
13%
Street's DiscipleNazareth Savage
13%
The Lost TapesNo Idea's Original
13%
NASIRNot for Radio
13%
The Lost TapesNothing Lasts Forever
13%
Magic 2Office Hours
13%
Nas & Ill Will Records Presents QB's FinestOochie Wally
13%
Magic 2Pistols on Your Album Cover
13%
UntitledQueens Get the Money
13%
Street's DiscipleRemember the Times
13%
Street's DiscipleRemember the Times (Intro)
13%
Life Is GoodRoses
13%
King's Disease IIISerious Interlude
13%
It Was WrittenSilent Murder
13%
UntitledSly Fox
13%
King's DiseaseThe Definition
13%
Street's DiscipleThe Makings of a Perfect B***h
13%
Magic 3TSK
13%
I Am...We Will Survive
13%
King's Disease IIYKTV
13%
King's Disease10 Points
10%
Life Is GoodBack When
10%
Magic 3Based on True Events
10%
Magic 3Based on True Events, Pt. 2
10%
NastradamusBig Girl
10%
UntitledBlack President
10%
Magic 2Bokeem Woodbine
10%
Hip Hop Is DeadCarry on Tradition
10%
UntitledFried Chicken
10%
The N****r Tape | UntitledHero
10%
Hip Hop Is DeadHold Down the Block
10%
Hip Hop Is DeadHope
10%
Hip Hop Is DeadLet There Be Light
10%
Magic 2Motion
10%
Distant RelativesNah Mean
10%
Hip Hop Is DeadNot Going Back
10%
Distant RelativesPatience
10%
UntitledProject Roach
10%
Street's DiscipleReason
10%
King's DiseaseReplace Me
10%
Street's DiscipleSekou Story
10%
Street's DiscipleSuicide Bounce
10%
Magic 3Superhero Status
10%
Street's DiscipleThese Are Our Heroes
10%
MagicUgly
10%
UntitledUntitled
10%
Street's DiscipleVirgo
10%
Magic 2What This All Really Means
10%
Hip Hop Is DeadWhere Are They Now
10%
NASIRWhite Label
10%
Hip Hop Is DeadYou Can't Kill Me
10%
UntitledYou Can't Stop Us Now
10%
Magic40-16 Building
7%
The N****r TapeBe a N****r Too (Remix)
7%
Hip Hop Is DeadBlunt Ashes
7%
UntitledBreathe
7%
Hip Hop Is DeadCan't Forget About You
7%
NastradamusCome Get Me
7%
Magic 2Earvin Magic Johnson
7%
Street's DiscipleGetting Married
7%
NastradamusGod Love Us
7%
Magic 3Jodeci Member
7%
God's SonLast Real N***a Alive
7%
NastradamusLast Words
7%
Single #2Life Is Like a Dice Game
7%
NastradamusLife We Choose
7%
Street's DiscipleLive Now
7%
UntitledMake the World Go Round
7%
Street's DiscipleMe & You
7%
NastradamusNew World
7%
Street's DiscipleNo One Else in the Room
7%
King's Disease IINo Phony Love
7%
I Am...Pray
7%
The Lost Tapes 2QueensBridge Politics
7%
The Lost Tapes 2Queens Wolf
7%
NastradamusQuiet N***as
7%
Life Is GoodReach Out
7%
Street's DiscipleRest of My Life
7%
The Lost Tapes 2Royalty
7%
NASIRSimple Things
7%
Magic 3Sitting with My Thoughts
7%
Magic 2Slow It Down
7%
NastradamusSome of Us Have Angels
7%
Life Is GoodStay
7%
Life Is GoodSummer on Smash
7%
The Lost Tapes 2Tanasia
7%
UntitledTestify
7%
Life Is GoodThe Black Bond
7%
MagicThe Truth
7%
Distant RelativesTribes at War
7%
The Lost Tapes 2War Against Love
7%
Life Is GoodWorld's an Addiction
7%
UntitledY'all My N***as
7%
Life Is GoodYou Wouldn't Understand
7%
Magic 31-800-Nas&Hit
3%
The Lost Tapes 2Adult Film
3%
Street's DiscipleA Message to the Feds, Sincerely, We the People
3%
Distant RelativesAncient People
3%
The Lost Tapes 2Beautiful Life
3%
Single #3Big Nas
3%
Magic 3Blue Bentley
3%
Nas & Ill Will Records Presents QB's FinestDa Bridge 2001
3%
Distant RelativesDispear
3%
Men in Black: The AlbumEscobar '97
3%
In Too Deep: Music from the Dimension Motion PictureIn Too Deep
3%
The Lost Tapes 2It Never Ends
3%
Magic 3Japanese Soul Bar
3%
Greatest HitsLess Than an Hour
3%
The Lost Tapes 2Lost Freestyle
3%
Magic 3No Tears
3%
Magic 3Pretty Young Girl
3%
Distant RelativesStrong Will Continue
3%
Greatest HitsSurviving the Times
3%
The Lost Tapes 2The Art of It
3%
NastradamusThe Outcome
3%
NastradamusThe Prediction
3%
The Lost Tapes 2Vernon Family
3%
UntitledWe're Not Alone
3%
Life Is GoodWhere's the Love
3%
The Lost Tapes 2Who Are You
3%
Street's DisciplYou Know My Style
3%
The Prophecy, Vol 1Ace Freestyle
0%
The Prophecy, Vol 2: The Beginning of the NAcross the Tracks
0%
Distant RelativesAfrica Must Wake Up
0%
The N****r TapeAssociation
0%
The Prophecy, Vol 2: The Beginning of the NBlood Diamonds Are Forever
0%
The N****r TapeCops Keep Firing
0%
Distant RelativesCount Your Blessings
0%
The Prophecy, Vol 2: The Beginning of the NDeath Anniversary
0%
The Prophecy, Vol 1Drugs Baby
0%
The N****r TapeEsco Let's Go
0%
The Prophecy, Vol 2: The Beginning of the NEveryday
0%
The Prophecy, Vol 2: The Beginning of the NEverything I Love Rmx
0%
The Prophecy, Vol 1Fillmoe N***a
0%
Distant RelativesFriends
0%
The N****r TapeGangsta Rap (Remix)
0%
The Lost Tapes 2Highly Favored
0%
The Prophecy, Vol 2: The Beginning of the NHoneymoon Is Over
0%
Distant RelativesIn His Own Words
0%
The Prophecy, Vol 2: The Beginning of the NIt Wasn't Me
0%
The Lost Tapes 2Jarreau of Rap (Skatt Attack)
0%
Distant RelativesLand of Promise
0%
Distant RelativesLeaders
0%
The N****r TapeLegendary (Mike Tyson)
0%
The Prophecy, Vol 2: The Beginning of the NLife's Gone Down
0%
UntitledLike Me
0%
The Prophecy, Vol 2: The Beginning of the NLivin Thug
0%
The Prophecy, Vol 2: The Beginning of the NMusic for Life
0%
Distant RelativesMy Generation
0%
The N****r TapeNas Timeline
0%
The Prophecy, Vol 2: The Beginning of the NOne on One (Street Fight)
0%
The Prophecy, Vol 2: The Beginning of the NPremo Sh*t
0%
UntitledProclamation
0%
The Prophecy, Vol 1P Sh*t
0%
God's SonPussy Killz
0%
The Prophecy, Vol 2: The Beginning of the NQueens Day
0%
Nas & Ill Will Records Presents QB's FinestReal N***as
0%
The Prophecy, Vol 1Ride Off
0%
The Prophecy, Vol 1Rock Foe
0%
The Prophecy, Vol 1Rockstar Life
0%
SingleRodeo
0%
The Prophecy, Vol 2: The Beginning of the NRough Around the Edges
0%
The N****r TapeSeen It All (Green Mix)
0%
Nas & Ill Will Records Presents QB's FinestSelf Conscience
0%
Hip Hop Is DeadShine on 'Em
0%
The Prophecy, Vol 1Stay True
0%
The Prophecy, Vol 2: The Beginning of the NStreet Dreams Pt 2
0%
Nas & Ill Will Records Presents QB's FinestStreet Glory
0%
The Prophecy, Vol 1Sucka Free
0%
The Prophecy, Vol 2: The Beginning of the NSucker MC's '07
0%
The Prophecy, Vol 1Suga Free
0%
Nas & Ill Will Records Presents QB's FinestTeenage Thug
0%
The Prophecy, Vol 2: The Beginning of the NThe Foulness (96 Throwback)
0%
God's SonThugz Mirror Freestyle
0%
King's DiseaseTil the War Was Won
0%
Life Is GoodTrust
0%
King's Disease IIITurn
0%
The Prophecy, Vol 1Turn on Me
0%
The Prophecy, Vol 2: The Beginning of the NWe Still Major
0%
Hip Hop Is DeadWhere Y'all At
0%
The Prophecy, Vol 2: The Beginning of the NWhy You Hate the Game
0%
The Lost Tapes 2You Mean the World to Me
0%

Score Distribution

Percentile by Number Answered

Percent of People with Each Score

Your Score History

You have not taken this quiz since the last reset